00339nam a2200133 a 45000010010000000030011000100080041000210350026000620820016000881000017001042450015001212600051001366500018001870000-9356ELIB.Books110520 1967  a(ELIB.Books)0000-9508 a226.5 bBai aBailey, Carl aWho Is He? bMinnesota: The American Lutheran Church c1967 aNew Testament